[Event "Krakow op 21st"]
[Site "Krakow"]
[Date "2011.01.04"]
[Round "9"]
[White "Szuper, Paul"]
[Black "Wiewiora, Eneasz"]
[Result "1/2-1/2"]
[WhiteElo "2174"]
[BlackElo "2118"]
[PlyCount "153"]
[EventDate "2010.12.27"]
[EventType "swiss"]
[EventRounds "9"]
[EventCountry "POL"]
[SourceTitle "CBM 140 Extra"]
[Source "ChessBase"]
[SourceDate "2011.03.01"]
[SourceVersion "1"]
[SourceVersionDate "2011.03.01"]
[SourceQuality "1"]

1. d4 c5 2. d5 e5 3. e4 d6 4. Nc3 g6 5. Nf3 Bg7 6. h4 Nf6 7. Bd2 a6 8. a4 b6 9. Qc1 Nbd7 10. Ra3 Bb7 11. Bh6 Bxh6 12. Qxh6 Ng4 13. Qd2 h6 14. h5 g5 15. Ng1 Ngf6 16. f3 Qc7 17. Bc4 Ng8 18. Nge2 Ne7 19. g4 0-0 20. 0-0 Rfb8 21. Rfa1 Nf6 22. Ng3 Bc8 23. Qe2 Ne8 24. Kh2 Qd8 25. Nd1 Nc7 26. Nf1 Bd7 27. Nc3 Rb7 28. Ne3 Kf8 29. Bd3 Qb8 30. Nc4 Nc8 31. Qf2 f6 32. R3a2 Rba7 33. b3 Ke7 34. Qd2 Ne8 35. Nd1 Qc7 36. Nde3 Rb8 37. Kg3 Kf7 38. Nf5 Bxf5 39. exf5 Rba8 40. Rb1 b5 41. Na5 b4 42. Nc6 Rb7 43. c3 bxc3 44. Qxc3 a5 45. Bb5 Qb6 46. Rc2 Ne7 47. Qc4 Nc7 48. b4 axb4 49. Nxb4 cxb4 50. Bc6 Rab8 51. a5 Qxa5 52. Ra2 Qb6 53. Ra4 Qe3 54. Bxb7 Qf4+ 55. Qxf4 gxf4+ 56. Kf2 Rxb7 57. Raxb4 Rxb4 58. Rxb4 Ncxd5 59. Rb7 Ne3 60. Ke2 d5 61. Kd3 Ke8 62. Rb6 Kf7 63. Rb7 d4 64. Ra7 N3d5 65. Rb7 Nc3 66. Ra7 Nb5 67. Rb7 Nd6 68. Rd7 Nb5 69. Rb7 Nc3 70. Ra7 Ncd5 71. Rb7 Ne3 72. Ra7 Ke8 73. Ra8+ Kf7 74. Ra7 N3d5 75. Rb7 Ke8 76. Rb8+ Kf7 77. Rb7 1/2-1/2

[Event "Krakow op 21st"]
[Site "Krakow"]
[Date "2011.01.03"]
[Round "8"]
[White "Jasny, Stanislav"]
[Black "Szuper, Paul"]
[Result "1-0"]
[WhiteElo "2351"]
[BlackElo "2174"]
[PlyCount "93"]
[EventDate "2010.12.27"]
[EventType "swiss"]
[EventRounds "9"]
[EventCountry "POL"]
[SourceTitle "CBM 140 Extra"]
[Source "ChessBase"]
[SourceDate "2011.03.01"]
[SourceVersion "1"]
[SourceVersionDate "2011.03.01"]
[SourceQuality "1"]

1. d4 d5 2. c4 e6 3. Nc3 Nf6 4. cxd5 exd5 5. Bg5 Be7 6. e3 0-0 7. Bd3 Re8 8. Nge2 Nbd7 9. 0-0 c6 10. Qc2 Nf8 11. f3 g6 12. Rae1 Ne6 13. Bh6 a6 14. Kh1 Qc7 15. a3 Bd6 16. h3 Nh5 17. f4 Bf8 18. Bxf8 Nxf8 19. Rf3 Qd8 20. Ref1 f5 21. Qd2 Nf6 22. Bb1 Ne4 23. Nxe4 fxe4 24. R3f2 Kh8 25. Kh2 Qd6 26. Kh1 Bd7 27. Nc3 Ne6 28. Ba2 Ng7 29. g4 Rf8 30. Qe1 Rf6 31. Rh2 Ne6 32. g5 Rff8 33. Bb3 Ng7 34. Bd1 b6 35. Bg4 c5 36. dxc5 bxc5 37. Nxe4 Qe7 38. Nf6 Bc6 39. Kg1 Rxf6 40. gxf6 Qxf6 41. Qc3 Qxc3 42. bxc3 Re8 43. Re1 h5 44. Bf3 Nf5 45. Rd2 Nh4 46. Bh1 Rb8 47. c4 1-0

[Event "Krakow op 21st"]
[Site "Krakow"]
[Date "2011.01.02"]
[Round "7"]
[White "Szuper, Paul"]
[Black "Chrzaszcz, Malvina"]
[Result "1-0"]
[WhiteElo "2174"]
[BlackElo "2054"]
[PlyCount "65"]
[EventDate "2010.12.27"]
[EventType "swiss"]
[EventRounds "9"]
[EventCountry "POL"]
[SourceTitle "CBM 140 Extra"]
[Source "ChessBase"]
[SourceDate "2011.03.01"]
[SourceVersion "1"]
[SourceVersionDate "2011.03.01"]
[SourceQuality "1"]

1. d4 Nf6 2. Nf3 e6 3. Bg5 h6 4. Bh4 c5 5. c3 b6 6. e3 Bb7 7. Nbd2 d6 8. h3 Nbd7 9. Bd3 Be7 10. 0-0 0-0 11. a4 Nd5 12. Bg3 cxd4 13. exd4 N7f6 14. Re1 Qd7 15. Qb3 Nh5 16. Bh2 Ndf4 17. Bf1 g5 18. a5 Qc6 19. a6 Bc8 20. g3 Ng6 21. Bd3 Kg7 22. d5 Qc5 23. Nd4 Ne5 24. Be2 Nf6 25. dxe6 fxe6 26. Qxe6 Nd5 27. Ne4 Qxd4 28. Qxe7+ Nxe7 29. cxd4 N5c6 30. Nxd6 Bxh3 31. g4 h5 32. Rac1 hxg4 33. Bb5 1-0

[Event "Krakow op 21st"]
[Site "Krakow"]
[Date "2010.12.28"]
[Round "2"]
[White "Stanach, Fabian"]
[Black "Szuper, Paul"]
[Result "1-0"]
[WhiteElo "2080"]
[BlackElo "2174"]
[PlyCount "127"]
[EventDate "2010.12.27"]
[EventType "swiss"]
[EventRounds "9"]
[EventCountry "POL"]
[SourceTitle "CBM 140 Extra"]
[Source "ChessBase"]
[SourceDate "2011.03.01"]
[SourceVersion "1"]
[SourceVersionDate "2011.03.01"]
[SourceQuality "1"]

1. d4 e6 2. g3 c5 3. Bg2 cxd4 4. Qxd4 Nc6 5. Qa4 Nf6 6. Nf3 a6 7. c4 Rb8 8. Nc3 Qa5 9. Qxa5 Nxa5 10. Bf4 d6 11. c5 e5 12. Bg5 Nd7 13. cxd6 f6 14. Be3 Bxd6 15. Nd2 b6 16. 0-0 Bb7 17. Nd5 0-0 18. Rfd1 Rfd8 19. Ne4 Bf8 20. b4 Nc4 21. Nec3 Nxe3 22. fxe3 Kf7 23. Rd2 Be7 24. Rad1 Nf8 25. Be4 Rd6 26. Bc2 Rc8 27. Bb3 Ke8 28. e4 b5 29. a4 Rxc3 30. Nxc3 Rxd2 31. Rxd2 Bxb4 32. Rc2 Nd7 33. axb5 axb5 34. Bd5 Bxd5 35. exd5 Nb6 36. Nxb5 Nxd5 37. Nc7+ Nxc7 38. Rxc7 Be7 39. Kg2 Kf7 40. e4 h5 41. Kf3 Kf8 42. Rb7 Bc5 43. h3 Kg8 44. g4 hxg4+ 45. Kxg4 Kh7 46. Kf5 Bf2 47. Rb8 Be1 48. Rb1 Bf2 49. Rh1 Kh6 50. Rf1 Be3 51. Rf3 Bf4 52. Rf2 Kh7 53. Rg2 Be3 54. Ke6 Kg8 55. Rc2 Bg5 56. Rc8+ Kh7 57. Kf7 f5 58. exf5 e4 59. Re8 e3 60. Re6 Bf4 61. Re4 Bg5 62. Re6 Bf4 63. h4 Kh8 64. Kg6 1-0

[Event "Dobczyce op 18th"]
[Site "Dobczyce"]
[Date "2010.07.20"]
[Round "4"]
[White "Szuper, Paul"]
[Black "Koloczek, Henryk"]
[Result "1-0"]
[WhiteElo "2192"]
[BlackElo "1694"]
[PlyCount "31"]
[EventDate "2010.07.17"]
[EventType "swiss"]
[EventRounds "9"]
[EventCountry "POL"]
[SourceTitle "EXT 2011"]
[Source "ChessBase"]
[SourceDate "2010.11.26"]
[SourceVersion "1"]
[SourceVersionDate "2010.11.26"]
[SourceQuality "1"]

1. d4 Nf6 2. Nf3 e6 3. c4 Bb4+ 4. Nbd2 b6 5. g3 Bb7 6. Bg2 d6 7. 0-0 0-0 8. Nb3 Nc6 9. a3 Ba5 10. Qc2 Qe7 11. e4 e5 12. d5 Nb8 13. Nh4 c6 14. Nxa5 bxa5 15. Bg5 Nbd7 16. Nf5 1-0